• 首页
  • 本馆介绍
  • 公告通知
  • 最新文献
  • 馆藏检索
  • 电子资源
  • 读者荐购
  • 参考咨询
  • CALIS
  • 我的图书馆
  • 登录
  • 详细信息显示
  • 放入我的书架
  • 预约/预借图书
  • 作者相关作品
  • 分类相关作品
  • 丛书相关作品
  • 出版社相关作品

书目信息

  • 表格格式
  • 工作单格式
  • 卡片格式
题名:
3Ds MAX流线型神话
    
 
作者: 赫晔 编著
分册:  
出版信息: 北京   电子工业出版社  2004.1
页数: 253页
开本: 28cm
丛书名: 飞思数码设计院
单 册:
中图分类: TU238-39
科图分类:
主题词: 室内装饰--shi nei zhuang shi--建筑设计--计算机辅助设计--应用软件 , 室内装饰--shi nei zhuang shi , 计算机辅助设计--ji suan ji fu zhu she ji , 应用软件--ying yong ruan jian , 建筑设计--jian zhu she ji
电子资源:
ISBN: 7-5053-9459-2
 
 
 
 
 
000 01333nam 2200325 450
001 CAL 012006092040
005 20061114152623.15
010    @a7-5053-9459-2@dCNY29.00(含光盘)
010    @a7-89496-303-8@b光盘
100    @a20061012d2004 em y0chiy0120 ea
101 0  @achi
102    @aCN@b110000
105    @aa z 000yy
200 1  @a3Ds MAX流线型神话@A3Ds MAX liu xian xing shen hua@e走进家装@f赫晔等编著
210    @a北京@c电子工业出版社@d2004.1
215    @a253页@c图@d28cm@e光盘1片
225 2  @a飞思数码设计院@Afei si shu ma she ji yuan
330    @a本书主要包括理论设计和实例设计两部分。在理论设计部分中, 介绍了家装的变革, 详细说明了当代设计风格倾向, 有理有据地说明了设计的要点与难点; 在实例设计部分通过AutoCAD、3DS MAX和Lightscape这3个常用软件的应用, 详细讲解了整个方案的制作过程。
333    @a读者对象: 建筑、美术、装潢专业学生以及所有家装设计师
410  0 @12001 @a飞思数码设计院
517 1  @a走进家装@Azou jin jia zhuang
606 0  @a室内装饰@Ashi nei zhuang shi@x建筑设计@x计算机辅助设计@x应用软件
606 0  @a室内装饰@Ashi nei zhuang shi
606 0  @a计算机辅助设计@Aji suan ji fu zhu she ji
606 0  @a应用软件@Aying yong ruan jian
606 0  @a建筑设计@Ajian zhu she ji
690    @aTU238-39@v4
701  0 @a赫晔@Ahe ye@4编著
801  0 @aCN@c20061114
905    @a10447@dTU238-39@eH333
    
    3Ds MAX流线型神话:走进家装/赫晔等编著.-北京:电子工业出版社,2004.1
    253页:图;28cm+光盘1片.-(飞思数码设计院)
    使用对象:读者对象: 建筑、美术、装潢专业学生以及所有家装设计师
    
    ISBN 7-5053-9459-2:CNY29.00(含光盘)
    本书主要包括理论设计和实例设计两部分。在理论设计部分中, 介绍了家装的变革, 详细说明了当代设计风格倾向, 有理有据地说明了设计的要点与难点; 在实例设计部分通过AutoCAD、3DS MAX和Lightscape这3个常用软件的应用, 详细讲解了整个方案的制作过程。
●
相关链接 在E读中查询图书 在当当中查询图书 在豆瓣中查询图书


正题名:3Ds MAX流线型神话     索取号:TU238-39/H333         预约/预借

序号 登录号 条形码 馆藏地/架位号 状态 备注
1 636430   206364307   建筑库101/101建筑库 52排4列3层/ [索取号:TU238-39/H333] 在馆    
2 636431   206364316   建筑库101/101建筑库 52排4列3层/ [索取号:TU238-39/H333] 在馆    
3 636432   206364325   建筑库101/101建筑库 52排4列3层/ [索取号:TU238-39/H333] 在馆    
河南城建学院图书馆 欢迎您!
大连网信软件有限公司© 版权所有